000 00203nam a2200085Ia 4500
008 170620s9999 xx 000 0 und d
100 _aRAI- KAILASH
245 0 _aLEGAL ETHICS
260 _bCENTRAL LAW AGENCY ALLAHABAD
260 _c2013
999 _c30339
_d30339